Guess the 5 Seconds of Summer song with no hints #13 5SOS - Statistics

General Stats
  • This quiz has been taken 49 times
  • The average score is 368 of 591
Answer Stats
Answer % Correct
I
97%
You
94%
you,
94%
you
94%
a
91%
love
84%
me
81%
the
75%
and
72%
Go,
72%
go
72%
to
72%
We
72%
we
72%
in
69%
In
69%
it
69%
your
69%
my
66%
no
66%
On
66%
on
66%
then
66%
Then
66%
I'll
59%
I'm
59%
let
59%
not
59%
Not
59%
all
56%
can
56%
never
56%
say,
56%
say
56%
way
56%
Way
56%
We're
56%
we're
56%
When
56%
But
53%
but
53%
if
53%
It's
53%
know
53%
leave
53%
Leave
53%
out
53%
don't
50%
Don't
50%
heart
50%
same
50%
this
50%
watch
50%
what
50%
won't
50%
you're
50%
again
47%
always
47%
can't
47%
Drink
47%
ever
47%
face
47%
lie
47%
night,
47%
tell
47%
at
44%
bleed
44%
good
44%
of
44%
wanna
44%
down
41%
every
41%
feel
41%
fight,
41%
floor,
41%
forget
41%
game,
41%
game
41%
how
41%
Rip
41%
think
41%
too
41%
up
41%
comin'
38%
sleep
38%
them
38%
today
38%
walk
38%
fuck,
34%
hate
34%
mistakes
34%
name
34%
call
31%
door,
31%
with
31%
alright
28%
colourblind
28%
dark,
28%
Hurricane
28%
Mascara's
28%
morning,
28%
psycho
28%
runnin'
28%
Sayin',
28%
wakin'
28%
white
28%
window
28%
around,
25%
black
25%
bulletproof
25%
everything's
25%
hurt
25%
sink
25%
Baby,
22%
mark
22%
point
22%
rocks
22%
throwin'
22%
Turn
22%
pills
19%
Pouring
19%
sick
19%
insert
16%
right
16%
sadness
16%
Xanax
16%
bite
13%
No matching quizzes found
Score Distribution
Percent of People with Each Score
Percentile by Number Answered
Your Score History
You have not taken this quiz